The theory of functions of a real variable and the theory of fourier's series. (Record no. 12053)

MARC details
000 -LEADER
fixed length control field 01071cam a2200277uic4500
001 - CONTROL NUMBER
control field 6340926
003 - CONTROL NUMBER IDENTIFIER
control field EG-ScBUE
005 - DATE AND TIME OF LATEST TRANSACTION
control field 20250227112557.0
008 - FIXED-LENGTH DATA ELEMENTS--GENERAL INFORMATION
fixed length control field 830608s1957 nyua f 000 0 eng d
040 ## - CATALOGING SOURCE
Original cataloging agency EG-ScBUE
Language of cataloging eng
Description conventions rda
Transcribing agency EG-ScBUE
Modifying agency EG-ScBUE
082 04 - DEWEY DECIMAL CLASSIFICATION NUMBER
Edition number 22
Classification number 515.8
Item number HOB
100 1# - MAIN ENTRY--PERSONAL NAME
Personal name Hobson, Ernest William,
Dates associated with a name 1856-1933,
Relator term author.
9 (RLIN) 7014
245 14 - TITLE STATEMENT
Title The theory of functions of a real variable and the theory of fourier's series.
Number of part/section of a work volume 2 /
Statement of responsibility, etc by E. W. Hobson.
250 ## - EDITION STATEMENT
Edition statement First edition.
264 #1 - PUBLICATION, DISTRIBUTION, ETC. (IMPRINT)
Place of publication, distribution, etc New York :
Name of publisher, distributor, etc Dover Publications,
Date of publication, distribution, etc 1957.
300 ## - PHYSICAL DESCRIPTION
Extent 780 pages :
Other physical details illustrations ;
Dimensions 27 cm
336 ## - CONTENT TYPE
Source rdacontent
Content type term text
Content type code txt
337 ## - MEDIA TYPE
Media type term unmediated
Source rdamedia
Media type code n
338 ## - CARRIER TYPE
Carrier type term volume
Carrier type code nc
Source rdacarrier
500 ## - GENERAL NOTE
General note "An unabridged and unaltered republication of the last revision [volume 1, third edition, 1927, and volume 2, second edition, 1926, respectively]"
650 #7 - SUBJECT ADDED ENTRY--TOPICAL TERM
Topical term or geographic name as entry element Functions of real variables.
9 (RLIN) 7013
Source of heading or term BUEsh
650 #7 - SUBJECT ADDED ENTRY--TOPICAL TERM
Topical term or geographic name as entry element Integrals, Generalized.
Source of heading or term BUEsh
650 #7 - SUBJECT ADDED ENTRY--TOPICAL TERM
Topical term or geographic name as entry element Fourier series.
Source of heading or term BUEsh
655 ## - INDEX TERM--GENRE/FORM
Form subdivision Reading book
942 ## - ADDED ENTRY ELEMENTS (KOHA)
Source of classification or shelving scheme Dewey Decimal Classification
Koha item type Book - Borrowing
Holdings
Withdrawn status Lost status Source of classification or shelving scheme Damaged status Not for loan Collection code Home library Current library Shelving location Date acquired Source of acquisition Cost, normal purchase price Total Checkouts Full call number Barcode Date last seen Date checked out Price effective from Koha item type
    Dewey Decimal Classification     Alef-Baa Central Library Central Library First floor 25/06/2009   150.00 1 515.8 HOB 000017052 15/07/2025 23/10/2014 25/06/2009 Book - Borrowing